| 000 | 00502nam a2200217Ia 4500 | ||
|---|---|---|---|
| 008 | 210210b2008 xxu||||| |||| 00| 0 eng d | ||
| 041 | _aeng | ||
| 082 | _a658 RAMB | ||
| 100 | _aRAMAN (B S) | ||
| 245 | _aBusiness organisation: for II semester BBM | ||
| 260 |
_aMangalore _bUnited Publishers _c2008 |
||
| 300 | _a298 | ||
| 650 | _asemester | ||
| 650 | _aorganisation: | ||
| 650 | _aII | ||
| 650 | _afor | ||
| 650 | _aBusiness | ||
| 650 | _aBBM | ||
| 690 | _aManagement | ||
| 906 | _a064243 | ||
| 999 |
_c140376 _d140376 |
||